Noem de laatste 15 bondscoaches van het Nederlands Elftal - Statistieken

Algemene statistieken
  • Deze quiz is 35 keer genomen
  • De gemiddelde score is 8 van 15
Antwoordstatistieken
Antwoord % Correct
Louis van Gaal
100%
Ronald Koeman
100%
Frank de Boer
84%
Marco van Basten
74%
Dick Advocaat
71%
Guus Hiddink
71%
Bert van Marwijk
61%
Rinus Michels
52%
Danny Blind
45%
Frank Rijkaard
42%
Leo Beenhakker
39%
Jan Zwartkruis
10%
Ernst Happel
6%
Thijs Libregts
6%
Kees Rijvers
3%
Geen overeenkomende quizzen gevonden
Scoreverdeling
Procent van Mensen met Elke Score
Percentiel versus Aantal Correcte Antwoorden
Uw Scoregeschiedenis
U heeft deze quiz nog niet genomen